Statistics for Pakistan International Airlines-Lahore

Click here to take the quiz!

General Stats

  • This quiz has been taken 16 times
  • The average score is 18 of 23

Answer Stats

Country Airport % Correct
CanadaToronto
91%
Saudi ArabiaJeddah
91%
FranceParis
91%
IndiaDelhi
91%
ItalyMilan-Malpensa
91%
MalaysiaKuala Lumpur
91%
NorwayOslo
91%
UKLondon-Heathrow
91%
PakistanIslamabad
91%
UAEDubai
91%
UAEAbu Dhabi
91%
Saudi ArabiaRiyadh
91%
ThailandBangkok
82%
UKManchester
82%
PakistanKarachi
82%
DenmarkCopenhagen
82%
OmanMuscat
82%
Saudi ArabiaMedina
73%
PakistanMultan
64%
PakistanQuetta
64%
Saudi ArabiaDammam
45%
PakistanRahim Yar Khan
18%
PakistanSukkur
9%

Score Distribution

Percentile by Number Answered

Percent of People with Each Score

Your Score History

You have not taken this quiz